EFFECTS OF INFORMATION SYSTEM PLANNING ON INFORMATION SYSTEM IMPLIMENTATION PROCESS (Record no. 215986)

MARC details
000 -LEADER
fixed length control field 00522nam a22001457a 4500
008 - FIXED-LENGTH DATA ELEMENTS--GENERAL INFORMATION
fixed length control field 250801b |||||||| |||| 00| 0 eng d
050 ## - LIBRARY OF CONGRESS CALL NUMBER
Classification number THE T 58.6 .B37 2013
Item number C. 1
100 ## - MAIN ENTRY--PERSONAL NAME
Personal name BARONGO, MOFFAT KOMBO
245 ## - TITLE STATEMENT
Title EFFECTS OF INFORMATION SYSTEM PLANNING ON INFORMATION SYSTEM IMPLIMENTATION PROCESS
Remainder of title CASE STUDY OF UNIVERSITIES AND UNIVERSITY CAMPUSES IN KISII COUNTY, KENYA.
260 ## - PUBLICATION, DISTRIBUTION, ETC.
Place of publication, distribution, etc. KISII
Name of publisher, distributor, etc. KSU
Date of publication, distribution, etc. 2013
300 ## - PHYSICAL DESCRIPTION
Extent XII, 69P., ILL:
500 ## - GENERAL NOTE
General note INCLUDES REFERENCES
942 ## - ADDED ENTRY ELEMENTS (KOHA)
Source of classification or shelving scheme Library of Congress Classification
Koha item type Reference
Holdings
Withdrawn status Lost status Source of classification or shelving scheme Damaged status Not for loan Collection Home library Current library Shelving location Date acquired Inventory number Total checkouts Full call number Barcode Date last seen Copy number Price effective from Koha item type
    Library of Congress Classification   Not for loan Special Research Kisii University Library Kisii University Library On Display 08/01/2025 83681   THE T 58. 6 .B37 2013 000000020978 08/01/2025 C.1 08/01/2025 Reference